000 00970nam a2200289Mi 4500
001 89963
005 20230411090048.0
008 090617s2008 sp a 000 0 spa d
035 _a(OCoLC)ocn421016695
040 _aPL#
_bspa
_cPL#
020 _a8467532254
020 _a9788467532258
029 0 _aPL#
_b090005397
035 _a(OCoLC)421016695
049 _aGRAL
245 0 0 _aGuia del mundo 2009 :
_bperspectiva y proyeccion.
260 _aMontevideo, Uruguay :
_bInstituto del Tercer Mundo ;
_aMadrid, EspaƱa :
_bEdiciones SM,
_c2009.
300 _a623 p. :
_bil., map. ;
_c28 cm. +
_e1 disco optico (CD-ROM).
500 _aIndice . -- ISBN (Inst. Tercer Mundo): 978-9974-574-52-6.
504 _aBibliografia: p. 585-586.
653 _aGeografia humana
_aAnuarios.
653 _aGeopolitica
_aAnuarios.
700 0 _aInstituto del Tercer Mundo,
_eed.
938 _aPuvill Libros
_bPUVL
_n9788467532258
_c$80.12
942 _2lcc
_cbk
994 _aC0
_bDRFGD
999 _c111804
_d111804